Statistics for Top 25 Largest Objects in the Solar System

Click here to take the quiz!

General Stats

  • This quiz has been taken 15 times
  • The average score is 16 of 25

Answer Stats

RankAnswerType% Correct
6EarthPlanet
100%
2JupiterPlanet
100%
8MarsPlanet
100%
11MercuryPlanet
100%
5NeptunePlanet
100%
16PlutoDwarf Planet
100%
3SaturnPlanet
100%
1The SunStar
100%
4UranusPlanet
100%
7VenusPlanet
100%
14The MoonMoon of Earth
93%
10TitanMoon of Saturn
73%
17EuropaMoon of Jupiter
67%
9GanymedeMoon of Jupiter
60%
13IoMoon of Jupiter
53%
12CallistoMoon of Jupiter
47%
15ErisDwarf Planet
40%
23ArielMoon of Uranus
20%
24DioneMoon of Saturn
20%
25IapetusMoon of Saturn
20%
21MakemakeDwarf Planet
20%
20OberonMoon of Uranus
20%
19RheaMoon of Saturn
20%
22TitaniaMoon of Uranus
20%
18TritonMoon of Neptune
20%

Score Distribution

Percentile by Number Answered

Percent of People with Each Score

Your Score History

You have not taken this quiz